00681nam a2200193Ia 4500008004000000020001800040041000800058082001500066100001800081245007100099250000500170260003500175300001200210650004500222690002600267906001100293999001900304952016400323210210b2000 xxu||||| |||| 00| 0 eng d a81 219 1248 2 aeng a332.6 BHAI aBHALLA (V K). aInvestment management: security analysis and portfolio management. a aN DbS. Chand & Co. Ltd.c2000 axiv,984 aSecurity analysis Portfolio management  aInvestment Management a055643 c103051d103051 001040708EconomicsaALbALcEconomicsd2021-02-17eHigginbothams (P) Ltd., Mangalore-01.g295.00l0o332.6 BHAIp055643r2021-02-17 00:00:00w2021-02-17yBK